000 005000000a22001930004500
003 LK-CoMWRAF
005 20230929111633.0
008 230817t ||||| |||| 00| 0 eng d
020 _a1898649596
040 _aLK-CoMWRAF
_dLK-CoMWRAF
_eLK-CoMWRAF
041 _aeng
082 _a297
_bAWA
100 _aAwayishah, Husayn al
245 _aThe Farewell advice of the Prophet
260 _aUnited Kingdom :
_bAl-Hidaayah,
_c2002
300 _a52p
650 _aIslam--Prophet--Farewell
942 _cBK
999 _c849
_d849